JOURNALISM ETICS AND MASS MANAGEMENT (Record no. 216145)

MARC details
000 -LEADER
fixed length control field 00453nam a22001577a 4500
008 - FIXED-LENGTH DATA ELEMENTS--GENERAL INFORMATION
fixed length control field 251110b |||||||| |||| 00| 0 eng d
020 ## - INTERNATIONAL STANDARD BOOK NUMBER
International Standard Book Number 979-8-88715-097-0
100 ## - MAIN ENTRY--PERSONAL NAME
Personal name WESTON, RACHEL SMITH
245 ## - TITLE STATEMENT
Title JOURNALISM ETICS AND MASS MANAGEMENT
260 ## - PUBLICATION, DISTRIBUTION, ETC.
Place of publication, distribution, etc. DUBLIN
Name of publisher, distributor, etc. ORYSON PRESS
Date of publication, distribution, etc. 2023
300 ## - PHYSICAL DESCRIPTION
Extent VI, 282P.
500 ## - GENERAL NOTE
General note INCLUDES INDEX
650 ## - SUBJECT ADDED ENTRY
Topical term or geographic name entry element 1. JOURNALISM - ETHICS 2. MASS MEDIA - MANAGEMENT
942 ## - ADDED ENTRY ELEMENTS (KOHA)
Source of classification or shelving scheme Library of Congress Classification
Koha item type Long Loan Book
Holdings
Withdrawn status Lost status Source of classification or shelving scheme Damaged status Not for loan Home library Current library Date acquired Inventory number Total checkouts Full call number Barcode Date last seen Copy number Price effective from Koha item type
    Library of Congress Classification     Kisii University Library Kisii University Library 11/10/2025 109649   PN 4756 .47 2023 000000017580 11/10/2025 C.1 11/10/2025 Long Loan Book
    Library of Congress Classification     Kisii University Library Kisii University Library 11/10/2025 109650   PN 4756 .47 2023 000000017579 11/10/2025 C.2 11/10/2025 Long Loan Book
    Library of Congress Classification     Kisii University Library Kisii University Library 11/10/2025 109651   PN 4756 .47 2023 000000017578 11/10/2025 C.3 11/10/2025 Long Loan Book
    Library of Congress Classification     Kisii University Library Kisii University Library 11/10/2025 109652   PN 4756 .47 2023 000000017577 11/10/2025 C.4 11/10/2025 Long Loan Book